000 00740nam a2200241Ia 4500
003 OSt
005 20220925201730.0
006 a|||||r|||| 00| 0
007 ta
008 220923b |||||||| |||| 00| 0 eng d
037 _cGeneral Book
040 _aRTL
_cRTL
_beng
041 _2eng
_aeng
082 _aX:9.2.N58<--N56t5, J7
110 _aINDIA, LABOUR (Ministry of--)
245 0 _ashort statement on the activities of the Ministry of labour during 1956-57 and plans for 1957-58.
260 _aDelhi
_bMinistry of Labour
_c1957
300 _a26p
_ccm.
500 _aApp.;p23-26p
700 _aINDIA, LABOUR (Ministry of--)
942 _hX:9.2.N58<--N56t5, J7
_cGB
_2CC
999 _c540999
_d540999